000 00993nam a2200265 a 4500
001 000001983
005 20240305090729.0
008 090630s1997 dr 000 0 spa d
020 _a9789768156518
040 _aDO-SdBNP
_bspa
_cBNPHU
082 _a306.097293
_bF825s, 1997
100 1 _aFranco, Franklin J.,
_d1936-
_934417
245 1 0 _aSanto Domingo :
_bcultura, política e ideología /
_cFranklin Franco Pichardo.
250 _a4a ed.
260 _aSanto Domingo :
_bSociedad Editorial Dominicana,
_c1997.
300 _a153 p. ;
_c21cm.
500 _aIncluye datos biográficos del autor en la contracubierta
504 _aIncluye referencias bibliográficas y notas al pie de las páginas
590 _aInventariado, 2018/MFF
650 4 _aCultura
_zRepública Dominicana
_91983
651 4 _aRepública Dominicana
_xHistoria
_9170
651 4 _aRepública Dominicana
_xPolítica
_96440
650 4 _aNegros
_zRepública Dominicana
_92558
910 _aValidado. Control de calidad MFF
999 _c1849
_d1849